A-Z: words ending in P - Statistics

General Stats
  • This quiz has been taken 64 times
  • The average score is 15 of 26
Answer Stats
Initial letter Clue Word ending in P % Correct
A Shortened term for a guitar speaker/distortion unit Amp
91%
J Leap Jump
91%
K Retain Keep
91%
Z Fastener for clothing such as trousers Zip
89%
O Wake up too late Oversleep
86%
D To fall bit-by-bit, as a liquid Drip
84%
M A device for catching rodents Mousetrap
82%
H To walk on one foot Hop
81%
Y Bark or talk in an annoying manner Yap
79%
N A drink taken just before going to bed; or a hat worn in bed Nightcap
77%
B Momentary lapse or change in a constant status Blip
72%
P Root vegetable related to the carrot Parsnip
65%
S Fair, thoughtful treatment of other competitors in games and events Sportsmanship
63%
F The sound of someone walking Footstep
58%
W A small, thin line of cloud or any visible gas Wisp
58%
L The ability to command or motivate a group of people Leadership
53%
Q Fast, light-hearted ballroom dance Quickstep
51%
R The fruit of a rose plant Rosehip
51%
U Away from the core of the Earth Up
51%
E To surround Envelop
46%
G To agree to a verbal offer for a property from one potential buyer, but then accept a higher offer from someone else Gazump
23%
T Hypothetical anomaly in which people and events from one era can be imagined to exist in another Timewarp
23%
C Nonsense Codswallop
16%
I The way in which things are linked to each other Interrelationship
14%
V A repeating element in music Vamp
14%
X A fruit with a hard, woody shell, like a coconut Xylocarp
9%
No matching quizzes found
Score Distribution
Percent of People with Each Score
Percentile by Number Answered
Your Score History
You have not taken this quiz